000
00213 a2200097 4500
001
23661
100
_a
Jamila, K
245
_a
Place of god man and universe
260
_a
_b
Iqbal Academy
_c
090
_c
16041
_d
16041
942
_a
NUST-CAE
_c
M
_c
6716
999
_c
258734
_d
258734